12 Miesięcy w 4 minuty - Statystyki

Ogólne statystyki
  • Ten quiz został rozwiązany 1 210 razy
  • Średni wynik to 12 z 12
Statystyki odpowiedzi
miesiąc % Poprawnych
luty
100%
maj
100%
marzec
100%
styczeń
100%
czerwiec
99%
kwiecień
99%
lipiec
99%
sierpień
99%
grudzień
98%
listopad
98%
październik
98%
wrzesień
98%
Nie znaleziono quizów pasujących do podanych kryteriów
Rozkład punktacji
Procent ludzi z każdym wynikiem
Percentyl według liczby udzielonych odpowiedzi
Twoja historia wyników
Nie rozwiązałeś tego quizu